000 00555nam a2200193Ia 4500
005 20250923144732.0
008 008 250917s9999 xx 000 0 eng d
037 _aTextual
040 _aDSWL
_beng
_cDSWL
041 _aeng
_2eng
084 _qDSWL
245 0 _aReport on the introduction of land and agricultural banks into the Madras Presidency
_cby Reserve Bank of India
260 _aBombay
_breserve Bank of India
_c1960
300 _axxii,732p.
365 _aINR
_b5.50
925 _g5.50
942 _cTEXL
999 _c1442686
_d1442686